[Event "Chebanenco Memorial 1st"]
[Site "Kishinev"]
[Date "1998.02.09"]
[Round "1"]
[White "Fedorov, Alexei"]
[Black "Itkis, Boris"]
[Result "1-0"]
[WhiteElo "2595"]
[BlackElo "2460"]
[Annotator "Bangiev,A"]
[PlyCount "77"]
[EventDate "1998.02.09"]
[EventType "tourn"]
[EventRounds "9"]
[EventCountry "MDA"]
[EventCategory "12"]
[SourceTitle "CBM 064"]
[Source "ChessBase"]
[SourceDate "1998.06.02"]
[SourceVersion "1"]
[SourceVersionDate "1998.06.02"]
[SourceQuality "1"]

1. e4 c5 2. Nf3 e6 3. d4 (3. Nc3 a6 4. g3 b5 5. Bg2 Bb7 6. d3 d6 7. O-O Nf6 8.
a3 Nbd7 9. Nh4 Qc7 10. f4 Be7 11. Bd2 Bc6 12. Qe2 O-O 13. Nd1 c4 14. Nf2 cxd3
15. cxd3 Nc5 16. Rad1 a5 17. Nf3 Nb3 18. Be3 Qb7 19. g4 Nd7 20. f5 Rfc8 21. d4
Nf6 22. fxe6 fxe6 23. Ng5 e5 24. d5 Bd7 25. Ne6 Bxe6 26. dxe6 Rf8 27. g5 Ne8
28. Qh5 g6 29. Qh3 Ng7 30. Ng4 Nh5 31. Nf6+ Nxf6 32. gxf6 Rxf6 33. Rxf6 Bxf6
34. Rxd6 Rd8 35. Rd5 Qc6 36. Qg4 Nd4 37. Bxd4 exd4 38. h4 d3 39. e5 Rxd5 40.
exf6 d2 41. Bxd5 Qxd5 {[#]} 42. Qd1 Qd4+ 43. Kg2 Qe4+ 44. Kf1 Qxe6 45. Qxd2
Qxf6+ 46. Kg2 Qc6+ 47. Kg3 a4 48. Qd4 h5 49. Qe5 Kf7 {[#] Hecht:  To be sure,
White stands optimally and for the moment prevents the advance of the black
king, but he also lacks a reasonable waiting move to hold the position. In
addition, the white king stands so exposed without pawn protection that Black
finds good opportunities for counter-checks by the immediate stroll of the
king in the direction of the centre and queen's wing.} 50. Qf4+ (50. Kh2 Qc4
$19 {[%csl Rg4,Rh4][%cal Gc4c7,Gc4f4,Gc4d5]}) 50... Ke6 51. Qe3+ Kd7 52. Qf2
Qd6+ 53. Kg2 Qd5+ 54. Kg3 Qd3+ {[%cal Gd3b5,Gd3g6,Yd7d6,Yd6d5,Yd5c4,Yc4b3]} 55.
Kg2 Ke6 56. Qb6+ Kd5 {[%csl Rb2][%cal Yd5c4,Yc4b3] 0-1 Fedorov,A-Bologan,V/
Chebanenco mem 1st 1998/CBM 64_06} (56... Kd5 57. Qc7 {[%cal Gc7c4]} Qe4+ {
[%csl Yc4,Ye5,Rh4]} 58. Kg1 {Hecht: Clearly the only move that prevents a
queen exchange or the loss of the pawn on h4 with check. Nevertheless, Black
can now choose which pawn he wants to win with check; either the pawn on b2
after ...Qb1+ or the pawn on h4 after ...Qg4+. Thus, White's resignation is in
no way premature.})) 3... cxd4 4. Nxd4 a6 5. Nc3 Qc7 6. g3 Nc6 7. Bg2 Nf6 8.
Nb3 Be7 9. O-O d6 10. f4 h5 $5 $146 {/\10...h4} (10... O-O 11. Be3 (11. a4 Bd7
(11... Na5 12. Nxa5 Qxa5 13. Kh1 Nd7 14. Be3 Re8 15. Qd4 Rb8 16. Qc4 Bd8 17.
Rfd1 Qc7 18. Qxc7 Bxc7 19. Ba7 Ra8 20. Bg1 Rb8 21. a5 b6 22. axb6 Nxb6 23. b3
Rd8 24. Bf1 Ra8 25. Rd4 h6 26. h3 e5 27. Rb4 Rb8 28. Bxa6 Bxh3 29. Be2 exf4 30.
gxf4 d5 31. Bxb6 Bxb6 32. Nxd5 Bc5 33. Rxb8 Rxb8 34. f5 Bd4 35. Ra3 Rd8 36. Nf4
Rc8 37. c4 Be5 38. Nxh3 Rd8 39. Ra2 Rd4 40. Nf2 {1-0 Ochoa de Echaguen,
F-Martinez,I/ESP-ch 1989}) 12. a5 Rac8 13. Be3 Nb4 14. g4 d5 15. Bb6 Qc4 16. g5
Ne8 17. exd5 e5 18. Kh1 Rb8 19. fxe5 Bg4 20. Qd2 Qc8 21. d6 Bd8 22. Bxd8 {
1-0 Kupreichik,V-Teo Kok Cheng/Erevan olm 1996}) 11... b5 12. a3 Bb7 13. Rf2
Nd7 14. Rd2 Nb6 15. Bxb6 Qxb6+ 16. Kh1 Rac8 17. Qg1 Qc7 18. Ne2 Na5 19. Nxa5
Qxa5 20. Qe3 Rc4 21. Nd4 Qb6 22. Re1 Bf6 23. Nf5 Qxe3 24. Nxe3 Rd4 25. Rxd4
Bxd4 26. c3 Bb6 27. e5 Bxg2+ 28. Nxg2 dxe5 29. Rxe5 Rd8 30. Re2 Rd5 31. Ne1 Kf8
32. Nf3 Ke7 33. Kg2 f6 34. Nd2 Kd7 35. c4 Rd4 36. cxb5 axb5 37. Ne4 h6 38. Nc3
b4 39. axb4 Rxb4 40. Kf3 Bd4 41. Rd2 Ke7 42. Ke2 Kf7 43. Kd3 e5 44. fxe5 Bxe5 {
1/2-1/2 Khan,M-Valiente R,C/Dubai olm 1986}) (10... Rb8 11. a4 b6 12. Qe2 Bb7
13. Be3 Nd7 14. Rad1 O-O 15. g4 Rfe8 16. g5 Nb4 17. Nd4 d5 18. e5 Nf8 19. Rd2
Nc6 20. Nxc6 Qxc6 21. f5 Bc5 22. Kh1 Bxe3 23. Qxe3 Qc8 24. Qf4 Qc4 25. Qxc4
dxc4 26. Bxb7 Rxb7 27. Ne4 exf5 28. Nd6 Rd7 29. Rxf5 Ng6 30. Nxc4 {1/2-1/2
Dueball,J-Cichy,M/BL8485 1985}) 11. h3 (11. Qe2 h4 $5 12. g4 h3 13. Bf3 g5 $5
14. fxg5 Nh7 $132) 11... b5 (11... h4 $6 12. g4 $16) 12. Be3 Bb7 (12... b4 $6
13. Na4 Rb8 14. Qd3 $16) 13. a3 Rc8 14. Rf2 $5 Nb8 (14... O-O $6 15. g4 hxg4
16. hxg4 Ne8 17. Bf3 {/\Rh2 gefolgt von Qf1-h3}) 15. Qe1 Nbd7 16. Rd1 $14 e5 $6
17. Nd5 $1 Bxd5 (17... Nxd5 18. exd5) 18. exd5 Nb6 $6 19. fxe5 $1 dxe5 20. Na5
$1 Nc4 21. Nc6 $5 (21. Nxc4 bxc4 22. Qc3 $16) 21... Nxe3 (21... Nxb2 22. d6 $1
(22. Nxe7 Qxe7 (22... Nxd1 $2 23. d6) 23. d6 Qd7 $17) 22... Bxd6 23. Bb6 Qxb6
24. Rxd6 Nc4 25. Nxe5 $1 Qe3 (25... Qxd6 26. Nxc4+ Qe6 27. Re2 $18) 26. Qxe3
Nxe3 27. Re2 $18) 22. Qxe3 Bd6 23. Qg5 $1 Kf8 (23... Bc5 24. Qxg7 Bxf2+ 25.
Kxf2 $18) 24. Rxf6 $1 gxf6 25. Qxf6 Rg8 (25... Rh7 26. Be4 Rg7 27. Qh6 Kg8 28.
Kh2 $18) 26. Qh6+ Rg7 27. Rf1 Kg8 28. Rf5 $1 Bc5+ 29. Kh2 Rg6 30. Qxh5 $18 e4
31. Ne5 Rg7 32. Ng4 Kf8 33. Qh8+ Rg8 34. Qh6+ Ke7 35. Qf6+ Kf8 36. Ne5 Bd6 37.
Qh6+ Rg7 38. Nxf7 Bxg3+ 39. Kh1 1-0

[Event "YUG-chT"]
[Site "Tivat"]
[Date "1995.??.??"]
[Round "7"]
[White "Ivanovic, Bozidar"]
[Black "Rublevsky, Sergei"]
[Result "0-1"]
[WhiteElo "2495"]
[BlackElo "2595"]
[Annotator "Belov,I"]
[PlyCount "52"]
[EventDate "1995.??.??"]
[EventType "team-swiss"]
[EventRounds "11"]
[EventCountry "YUG"]
[SourceTitle "CBM 048 Extra"]
[Source "ChessBase"]
[SourceDate "1995.11.01"]
[SourceVersion "1"]
[SourceVersionDate "1995.11.01"]
[SourceQuality "1"]

1. e4 c5 2. Nf3 e6 3. d4 cxd4 4. Nxd4 a6 5. Nc3 Qc7 6. Be2 Nf6 7. O-O Bb4 8.
Qd3 (8. Be3 $5 Bxc3 9. bxc3 Nxe4 10. Bd3 Nf6 11. Re1 d5 12. Nf5 Kf8 13. Nxg7
Kxg7 14. Bd4 $44 {Pira,D-Farago,I/FRA/1989/1:0/38/}) 8... Nc6 9. Kh1 {[N]} (9.
Nxc6 bxc6 $5 (9... dxc6 10. f4 O-O 11. e5 $14) 10. Bg5 Be7 11. f4 d5 12. e5 Ng8
$13 {Nishimura,H-Gunawan,Ro/Jakarta zt/1993/0:1/25/}) (9. Bg5 Bxc3 (9... h6 10.
Bxf6 gxf6 11. Rad1 h5 12. Kh1 Bc5 13. Nb3 Ba7 14. a4 Ne5 15. Qg3 $36 {Sideif
Sade-Vitolinsh,A/Frunze/1979/0,5/1979/}) 10. Bxf6 Bxd4 11. Bxd4 Nxd4 12. Qxd4
O-O 13. e5 $14 {Beliavsky,A-Furman,S/URS-ch/1975/1:0/84/}) (9. h3 O-O 10. Bg5
Be7 11. Rad1 h6 12. Be3 Ne5 13. Qd2 b5 14. f4 Nc4 15. Bxc4 Qxc4 $10 {
Bronshtein,D-Djuric,S/Tbilisi/1980/0,5/1980/}) 9... O-O 10. Bg5 Bxc3 11. bxc3
Qe5 12. f4 (12. Bxf6 Qxf6 13. f4 d6 $15) 12... Qxe4 13. Qh3 Qg6 (13... Nxd4 $4
14. Bd3 Qd5 15. Bxf6 $18) 14. Bd3 (14. Bxf6 Qxf6 15. Bd3 g6 $17) 14... Ne4 15.
Nxc6 bxc6 16. Be7 Re8 17. Bd6 c5 $1 18. Bxc5 (18. Rab1 c4 19. Bxe4 (19. Bxc4
Nxd6) 19... Qxe4 $17) 18... Bb7 19. Bd4 f5 $15 20. Rae1 (20. Rab1 Bc6 21. Rb6
$142) 20... d6 $17 21. Rb1 Qf7 22. Rb6 Rad8 23. Qh4 Rd7 24. h3 e5 25. fxe5 g5 (
25... dxe5 $5) 26. Qe1 dxe5 (26... dxe5 27. Bg1 Nd6 28. Bxa6 (28. Rxd6 Rxd6 29.
Bxf5 Qg7 $17) 28... Bxa6 29. Rxa6 f4 30. Bf2 e4 31. Bd4 Nf5 $18) 0-1

[Event "Valby K41"]
[Site "Valby"]
[Date "1991.??.??"]
[Round "5"]
[White "Hector, Jonny"]
[Black "Cramling, Pia"]
[Result "0-1"]
[WhiteElo "2500"]
[BlackElo "2485"]
[Annotator "Blatny,P"]
[PlyCount "64"]
[EventDate "1991.09.??"]
[EventType "tourn"]
[EventRounds "9"]
[EventCountry "DEN"]
[EventCategory "10"]
[SourceTitle "CBM 027"]
[Source "ChessBase"]
[SourceDate "1992.04.01"]
[SourceVersion "1"]
[SourceVersionDate "1992.04.01"]
[SourceQuality "1"]

1. e4 c5 2. Nf3 e6 3. d4 cxd4 4. Nxd4 Nc6 5. Nc3 Qc7 6. f4 Nxd4 7. Qxd4 a6 8.
Be3 {/^a7-g1} b5 9. Be2 Bb7 10. O-O-O (10. O-O $5) 10... Rc8 (10... O-O-O 11.
Qa7 $40 {/\12.a4}) 11. Rd2 {קc2} Nf6 {/\b4, ><e4} 12. Bf3 Be7 13. Rhd1 O-O 14.
e5 b4 (14... Bxf3 15. gxf3 $36 (15. exf6 Bxf6 $19)) 15. exf6 (15. Bxb7 bxc3 $40
) (15. Na4 Bxf3 16. gxf3 (16. exf6 Bxf6 $40) 16... Nd5 {[+]}) 15... bxc3 (15...
Bxf6 16. Qxb4 Bxf3 17. gxf3 {-+}) 16. Qxc3 Qxc3 17. fxe7 (17. bxc3 Ba3+ 18. Kb1
Bxf3 19. gxf3 Rb8+ 20. Ka1 Bb2+ 21. Kb1 Bxc3+) 17... Qxe3 18. exf8=Q+ (18. Bxb7
Rfe8 19. Bxc8 Rxc8 20. Kb1 d5 $19) 18... Kxf8 19. Bxb7 Rb8 20. Bf3 Qxf4 21. Kb1
d5 22. Rd4 (22. h3 Qb4 23. b3 (23. c3 Qxc3) 23... a5 $40) 22... Qxh2 23. c4
dxc4 24. Rxc4 g5 25. Rd7 Rb5 26. a4 (26. Rcc7 Qg1+) 26... Rf5 (26... Rb6 27.
Rcc7 Qg1+ 28. Ka2) 27. Bg4 (27. Rcc7 h5) 27... Rf2 28. Bf3 Qe5 29. Rb7 (29. Rb4
Qe1+ $19) 29... h5 30. Bxh5 Qf5+ 31. Ka2 Qd5 32. Rbc7 $8 Qxg2 0-1

[Event "URS-chT Republics 19th final A"]
[Site "Azov"]
[Date "1991.??.??"]
[Round "3"]
[White "Galdunts, Sergey"]
[Black "Saltaev, Mihail"]
[Result "0-1"]
[WhiteElo "2445"]
[BlackElo "2455"]
[Annotator "Blatny,P"]
[PlyCount "80"]
[EventDate "1991.??.??"]
[EventType "team-tourn"]
[EventRounds "3"]
[EventCountry "URS"]
[SourceTitle "EXT 2020"]
[Source "ChessBase"]
[SourceDate "2019.10.17"]
[SourceVersion "1"]
[SourceVersionDate "2019.10.17"]
[SourceQuality "1"]
[WhiteTeam "Armenia"]
[BlackTeam "Uzbekistan"]
[WhiteTeamCountry "ARM"]
[BlackTeamCountry "UZB"]

1. e4 c5 2. Nf3 e6 3. d4 cxd4 4. Nxd4 Nc6 5. Nc3 Qc7 6. g3 (6. Ndb5 Qb8 7. a4
Nf6 8. Bd3 a6 9. Na3 d5 10. O-O Bd6 11. exd5 exd5 12. h3 {Sax-Flesch, Hungary
1983} h6 $10) 6... a6 (6... Nf6 $6 7. Bf4 Ne5 8. Ndb5 Qb8 9. Be2 Bc5 10. Bxe5
Qxe5 11. f4 $16 {Fischer-Tal, Bled 1961}) 7. Bg2 d6 (7... Nxd4 8. Qxd4 d6 9.
O-O $14 {Barczay-Mecking, Sousse 1967 --> ChessBase: Interzonal tournaments})
8. O-O Be7 9. Kh1 (9. Be3 Ne5 10. a4 Bf6 11. Qe2 $6 (11. Nce2 $142) 11... Bd7
12. Rad1 Rc8 13. Bc1 Qb6 14. Nb3 Nc4 15. Rd3 {Kindermann-Polgar,J, Muenchen
1991} Ne5 $10) (9. Nxc6 bxc6 10. Na4 Bb7 11. c4 c5 $10) 9... Nf6 10. f4 Bd7 11.
Nde2 b5 12. Be3 O-O 13. Rc1 Rac8 14. Bf3 Na5 {/\Nb7-c5, ><e4} 15. b3 Bc6 16.
Qd4 Nb7 17. g4 b4 $1 18. Qxb4 d5 19. Qb6 Qxb6 20. Bxb6 dxe4 $17 {[+]} 21. Bg2
Nxg4 22. Nxe4 f5 23. h3 (23. N4c3 Bb4 24. Bd4 Bxg2+ 25. Kxg2 Rfd8 $19) 23...
Nh6 24. Nf2 Ba3 {קc2} 25. Rcd1 Bxg2+ 26. Kxg2 Rc6 (26... Rxc2 $2 27. Nd4 $10 {
קe6}) 27. Ba7 Ra8 28. Bd4 (28. Be3 $142) 28... Rxc2 29. Kf3 Nf7 30. Rg1 g6 31.
h4 Be7 32. h5 g5 33. Ba1 {/\Nd4xe6} Nbd8 34. h6 Kf8 35. Bg7+ Ke8 36. Nd4 Rxa2
$19 37. Nd3 (37. fxg5 Nxg5+ 38. Kg3 f4+ 39. Kg2 Ne4 40. Rgf1 Bh4 $19) 37... g4+
38. Kg3 Nd6 {/\Ne4#} 39. Rge1 Rc8 40. Nxe6 $138 Rcc2 {/\Rg2#} 0-1

[Event "Shenzhen"]
[Site "Shenzhen"]
[Date "1992.??.??"]
[Round "2"]
[White "Wang, Zili"]
[Black "Ye, Jiangchuan"]
[Result "1-0"]
[WhiteElo "2505"]
[BlackElo "2545"]
[Annotator "Blatny,P"]
[PlyCount "57"]
[EventDate "1992.??.??"]
[EventType "tourn"]
[EventRounds "11"]
[EventCountry "CHN"]
[EventCategory "11"]
[SourceTitle "CBM 031"]
[Source "ChessBase"]
[SourceDate "1992.12.01"]
[SourceVersion "1"]
[SourceVersionDate "1992.12.01"]
[SourceQuality "1"]

1. e4 c5 2. Nf3 Nc6 3. d4 cxd4 4. Nxd4 Qc7 5. Nc3 e6 6. g3 {/^h1-e4 [+]} a6 7.
Bg2 d6 (7... b5 {/\Bb7}) 8. O-O Bd7 9. Re1 Be7 (9... Nxd4 10. Qxd4 Qc5 {
/\11.Qxc5 dxc5 12.e5 0-0-0=}) 10. Nxc6 Bxc6 11. Qg4 h5 12. Qe2 (12. Qxg7 $4 Bf6
$19) 12... Nf6 $6 (12... b5 $5 {/\b4} 13. a3 Rc8 (13... Bf6 14. Nd5 $1 $16) 14.
Bf4 {/\Rad1+/=}) 13. Bg5 (13. a4 O-O {/\b5} 14. a5 {/\Be3+/=/+/-}) 13... b5 14.
a4 $5 Rb8 (14... b4 15. Na2 a5 (15... d5 $2 16. Bxf6 gxf6 17. exd5 {/\Nxb4+-})
16. c3 bxc3 $8 17. Nxc3 $16) 15. axb5 {/\<->a} axb5 16. Ra6 $1 {/\Rxc6,e5} Bd7
17. Rea1 {/\<->7} b4 18. Ra7 Qc8 (18... Rb7 19. Rxb7 Qxb7 20. e5 Bc6 $8 21.
Bxc6+ Qxc6 22. exf6 gxf6 23. Ra6 $1 Qb7 (23... Qc8 24. Nd5 $1 fxg5 25. Ra8 $1
Qxa8 26. Nc7+ Kd7 27. Nxa8 Rxa8 28. Qb5+ $18 {_|_}) 24. Qb5+ (24. Nb5 fxg5 25.
Ra8+ $1 $18) 24... Qxb5 25. Nxb5 fxg5 26. Nxd6+ Kd7 $8 27. Nxf7 Rc8 28. Ne5+
$18) 19. Nd1 {/\Ne3-c4 [+]} O-O 20. Ne3 Bb5 21. Qd1 Bd8 (21... Qd8 22. Qd4 $16)
22. Qxd6 Nxe4 $6 (22... Bb6 23. R7a2 $16) 23. Bxe4 $8 Bxg5 24. Qe5 (24. f4 $2
Bf6 25. Rc7 Qd8) 24... Bxe3 (24... Bf6 25. Qxh5 g6 26. Bxg6 $18) (24... f6 25.
Qd6 {/\Rc7,Raa7+-}) 25. fxe3 Qc4 (25... g6 $2 26. Bxg6 $18) 26. Rxf7 $1 $18
Kxf7 (26... Rxf7 27. Qxb8+ Rf8 28. Bh7+ $1 Kxh7 29. Qxf8 Bc6 (29... Qxc2 30.
Qf2 Qe4 31. Rc1 $1 {/\Qc2+-}) 30. Ra7 Qg4 31. Kf2 $1 h4 32. Qf6 $18) 27. Ra7+
Bd7 28. Rxd7+ Ke8 29. Bd3 $1 (29. Bd3 Qc6 30. Qxb8+ $18) 1-0

[Event "Rimavska Sobota"]
[Site "Rimavska Sobota"]
[Date "1991.??.??"]
[Round "13"]
[White "Polgar, Sofia"]
[Black "Fominyh, Alexander"]
[Result "1-0"]
[WhiteElo "2425"]
[BlackElo "2535"]
[Annotator "Blatny,P"]
[PlyCount "54"]
[EventDate "1991.05.??"]
[EventType "tourn"]
[EventRounds "13"]
[EventCountry "CSR"]
[EventCategory "9"]
[SourceTitle "CBM 024"]
[Source "ChessBase"]
[SourceDate "1991.10.01"]
[SourceVersion "1"]
[SourceVersionDate "1991.10.01"]
[SourceQuality "1"]

1. e4 c5 2. Nf3 e6 3. d4 cxd4 4. Nxd4 Nc6 5. Nc3 Qc7 6. Be2 a6 7. O-O Bc5 8.
Nb3 Be7 9. a4 $5 {N} (9. Be3 b5 10. f4 d6 11. Bf3 Nf6 12. a3 Bb7 13. Qe2 $13 {
Bussu-Phominyh,A Budapest 1989}) 9... Nf6 10. f4 d6 11. Bf3 Nd7 12. Qe2 Nc5 13.
Be3 Nxb3 $6 (13... b6 $142 {/\ Bb7 +/=}) 14. cxb3 O-O 15. Qf2 Bd7 (15... Bd8 {
>< b6,/\ Bd7}) 16. Bb6 Qb8 17. Rad1 $16 Kh8 18. Bg4 Na7 $2 (18... f5 $142 {
/\ <=>} 19. exf5 exf5 20. Bf3 Qe8 $16 {>< d5,d6,c7}) 19. Qg3 Rg8 (19... Nc8 20.
Bd4 f6 21. Qh3 $18) (19... f5 $8) 20. Qh3 Bd8 21. Bxd8 Rxd8 22. f5 exf5 (22...
e5 23. f6 $1 Bxg4 24. fxg7+ Kg8 (24... Kxg7 25. Qxg4+ Kf8 $8 26. Rxf7+ $1 Kxf7
27. Rf1+ $18) 25. Qxg4 {/\ Nd5-f6 +-}) 23. Bxf5 Bxf5 24. Rxf5 $18 {עh8} Kg8
25. Nd5 Nc6 26. Rh5 Qa7+ 27. Kf1 h6 (27... h6 28. Rxh6 $1 gxh6 29. Qxh6 f5 30.
Rd3 {/\ Rg3 +-} f4 (30... Kf7 31. Qf6+ Ke8 32. Qe6+ Kf8 33. Qxf5+ $18) 31. Qg6+
Kf8 32. Rf3 $18) 1-0

[Event "Stockholm"]
[Site "Stockholm"]
[Date "1990.??.??"]
[Round "?"]
[White "Benjamin, Joel"]
[Black "Cramling, Pia"]
[Result "0-1"]
[WhiteElo "2560"]
[BlackElo "2505"]
[Annotator "Boensch,U"]
[PlyCount "60"]
[EventDate "1990.??.??"]
[EventType "tourn"]
[EventRounds "9"]
[EventCountry "SWE"]
[EventCategory "11"]
[SourceTitle "CBM 022"]
[Source "ChessBase"]
[SourceDate "1991.06.01"]
[SourceVersion "1"]
[SourceVersionDate "1991.06.01"]
[SourceQuality "1"]

1. e4 c5 2. Nf3 e6 3. d4 cxd4 4. Nxd4 Nc6 5. Nc3 Qc7 6. f4 Nxd4 7. Qxd4 a6 8.
Bd3 (8. Be3 b5 9. Be2 Bb7 10. O-O-O Rc8 11. Rd2 Nf6 12. Bf3 $14 {Gallagher,
J-Cramling,P Biel 1990 -Inf.50/208}) 8... b5 9. a3 Bb7 10. b4 $6 Be7 11. O-O
Qc6 {/\ Bf6} 12. Rf3 Nf6 13. a4 $6 bxa4 14. Nxa4 $6 (14. Rxa4 O-O (14... a5 $2
15. b5 Qc7 16. Ba3 $14) 15. e5 Nd5 16. Nxd5 Qxd5 17. Qxd5 Bxd5 18. Rh3 g6 $15)
14... Nxe4 $1 15. Bxe4 Qxe4 16. Qxg7 Rf8 17. Bb2 $2 (17. c3 $5) 17... Bxb4 18.
Rb3 Bd6 19. Ba3 Bxa3 20. Rbxa3 Rc8 $19 21. Rc3 Rxc3 22. Nxc3 Qe3+ 23. Kh1 Qxf4
24. Rb1 Ke7 25. Ne2 Qe4 26. Qg5+ f6 27. Qd2 Rg8 28. Rg1 Rc8 29. c3 Rg8 30. c4
Ba8 0-1

[Event "EU-Cup 10th final"]
[Site "Lyon"]
[Date "1994.11.20"]
[Round "3"]
[White "Timoshenko, Georgy"]
[Black "Tseitlin, Mark D"]
[Result "1-0"]
[WhiteElo "2550"]
[BlackElo "2465"]
[Annotator "Boensch,U"]
[PlyCount "113"]
[EventDate "1994.11.18"]
[EventType "team-k.o."]
[EventRounds "3"]
[EventCountry "FRA"]
[SourceTitle "EXT 2020"]
[Source "ChessBase"]
[SourceDate "2019.10.17"]
[SourceVersion "1"]
[SourceVersionDate "2019.10.17"]
[SourceQuality "1"]
[WhiteTeam "Alchevsk Garant-Donbass"]
[BlackTeam "Beer-Sheva Chess Club"]
[WhiteTeamCountry "UKR"]
[BlackTeamCountry "ISR"]

1. e4 c5 2. Nf3 e6 3. d4 cxd4 4. Nxd4 Nc6 5. Nc3 Qc7 6. g3 a6 7. Bg2 d6 8. O-O
Bd7 9. a4 Nf6 10. h3 (10. Nde2 $6 Rb8 $1 11. h3 b5 $1) 10... Be7 11. Nde2 Rb8
12. g4 h6 (12... b5 13. axb5 axb5 14. Ng3 b4 15. Nce2 $36) 13. f4 g5 $6 {
Black is fighting for the square e5.} 14. Ng3 (14. fxg5 hxg5 15. Bxg5 Qb6+ $1
16. Kh1 Nxg4 {-/+}) 14... Rg8 (14... gxf4 15. Rxf4 (15. Bxf4 Qb6+) 15... Ne5
16. Qf1 Qd8 17. b3 {+=}) 15. Nce2 b5 16. axb5 Qb6+ {Preventing Be3} 17. Kh1
axb5 18. Ra3 $1 {/\Ra3-f3} gxf4 19. Nxf4 b4 20. Be3 (20. Raf3 $6 Ne5 21. R3f2
Nfxg4 $1 22. hxg4 Rxg4 $40) 20... Qb5 (20... bxa3 21. Bxb6 axb2 22. Qb1 Rxb6
23. Qa2 {+/-}) 21. Ra1 Ne5 {Now Black has a strong N at e5; but White is
better: he can attack the weak pawns Pb4, Pd6, Pf7 and Ph6.} 22. Nfh5 {+/-}
Nxh5 23. Nxh5 Rg6 24. b3 Bc6 25. Bd4 Bb7 $6 (25... Ra8 26. Rxa8+ Bxa8 27. Qe1 {
+/- /\Qf2} (27. Qd2 $2 Bxe4 $1 28. Bxe4 $5 Qxf1+)) 26. Qe1 Qd7 (26... Nxg4 $2
27. hxg4 Rxg4 28. Ng7+ $1 Kd7 29. Rxf7 {+-}) 27. Qf2 Bg5 28. Rad1 Qe7 29. Be3
$1 Rc8 30. Bxg5 hxg5 31. Rd4 Ba6 (31... Nc6 32. Rxd6 $1 Qxd6 33. Qxf7+ Kd8 34.
Qxg6 {+-}) 32. Rfd1 {+- Black has to many weak pawns.} Rd8 33. Rxb4 Qc7 34. c4
Qc5 35. Qxc5 $2 (35. Qd2 $142 {!} Qa5 36. Ra4 Qxd2 37. Rxd2 Bb7 38. Kg1 {+-})
35... dxc5 36. Rxd8+ Kxd8 37. Rb6 Bc8 38. Kg1 Kc7 39. Rb5 Nd7 (39... Kd6 $142)
40. Ra5 Bb7 41. Ng3 Rg8 42. e5 $1 Bxg2 $2 (42... Rb8 $142 43. Bxb7 (43. Ra3
Nxe5 44. Bxb7 Rxb7 45. Ne4 Kb6 46. Nxg5 Rd7 {=}) 43... Rxb7 44. Ne4 Rxb3 45.
Ra7+ Kc6 46. Nxg5 Nxe5 {=}) 43. Kxg2 Rb8 44. Ne4 Rxb3 45. Ra7+ Rb7 (45... Kc6
$2 46. Rxd7 Rb2+ (46... Kxd7 47. Nxc5+ {+-}) 47. Rd2 {+-}) 46. Rxb7+ Kxb7 47.
Nd6+ $1 (47. Nxg5 $6 Nxe5 48. Kg3 f5 $5 $132) 47... Ka6 48. Nxf7 Ka5 49. Kf3
Kb4 50. Ke4 Kxc4 51. Nxg5 Nf8 (51... Kb3 52. Nxe6 c4 53. Nd4+ Kb2 54. e6 {+-})
52. h4 Kc3 53. h5 c4 54. Nf3 Kb2 55. g5 c3 56. g6 Nd7 (56... c2 57. Ne1 $1 c1=Q
58. Nd3+ {+-}) 57. Ne1 1-0

[Event "Biel"]
[Site "Biel"]
[Date "1990.??.??"]
[Round "6"]
[White "De Firmian, Nick E"]
[Black "Lautier, Joel"]
[Result "1-0"]
[WhiteElo "2560"]
[BlackElo "2570"]
[Annotator "Boensch,U"]
[PlyCount "65"]
[EventDate "1990.07.??"]
[EventType "tourn"]
[EventRounds "14"]
[EventCountry "SUI"]
[EventCategory "14"]
[SourceTitle "CBM 019"]
[Source "ChessBase"]
[SourceDate "1990.12.01"]
[SourceVersion "1"]
[SourceVersionDate "1990.12.01"]
[SourceQuality "1"]

1. e4 {Bönsch} c5 2. Nf3 e6 3. d4 cxd4 4. Nxd4 Nc6 5. Nc3 Qc7 6. g3 a6 7. Bg2
Nf6 8. O-O Nxd4 9. Qxd4 Bc5 10. Qd3 (10. Bf4 d6 11. Qd2 h6 12. Rad1 e5 13. Be3
Ke7 $13 {- Inf.48/251}) 10... d6 11. Bg5 (11. Be3 $5) 11... Ng4 12. Qe2 Ne5 13.
Rad1 b5 14. Be3 Bb7 $15 15. Nb1 $1 O-O 16. c3 a5 (16... Rfd8) 17. Bxc5 Qxc5 18.
Rd4 b4 19. Rfd1 Ba6 $2 (19... Rfd8) 20. Qd2 Nc4 21. Qc1 Rac8 (21... Rad8 $2 22.
cxb4 Qxb4 (22... axb4 23. b3 Ne5 24. Qxc5 $18) 23. b3 e5 24. Rxc4 $18) 22. b3
Ne5 23. c4 $16 {x d6} f5 (23... Rfd8 24. Qd2 Rc6 25. Kh1 $16) 24. exf5 (24.
Rxd6 Bb7 $13) 24... Rxf5 25. Qe3 Rd8 26. Nd2 Nf7 27. Ne4 Qc7 28. Nxd6 $1 Re5 (
28... Rxd6 29. Rxd6 Nxd6 30. Qxe6+ $18) 29. Nxf7 $1 $18 Rxe3 (29... Rxd4 30.
Qxd4 Kxf7 31. Be4 $18) 30. Rxd8+ Kxf7 31. R8d7+ Qxd7 32. Rxd7+ Ke8 33. Bc6 (33.
Bc6 Re1+ 34. Kg2 Kf8 35. Ra7 Bc8 36. Ra8) 1-0

[Event "Interzonal-14b"]
[Site "Szirak"]
[Date "1987.??.??"]
[Round "3"]
[White "Beliavsky, Alexander G"]
[Black "Andersson, Ulf"]
[Result "1/2-1/2"]
[WhiteElo "2630"]
[BlackElo "2600"]
[Annotator "Boensch,U"]
[PlyCount "70"]
[EventDate "1987.07.??"]
[EventType "tourn"]
[EventRounds "17"]
[EventCountry "HUN"]
[EventCategory "12"]
[SourceTitle "CBM 003"]
[Source "ChessBase"]
[SourceDate "1988.04.01"]
[SourceVersion "1"]
[SourceVersionDate "1988.04.01"]
[SourceQuality "1"]

1. e4 c5 2. Nf3 e6 3. d4 cxd4 4. Nxd4 Nc6 5. Nc3 a6 6. Be2 Qc7 7. O-O Nf6 8.
Kh1 Nxd4 9. Qxd4 Bc5 10. Qd3 b5 11. f4 (11. Bg5 $5 Bb7 12. Bf3 Qe5 13. Bh4 {
/\ Bg3}) 11... Bb7 12. Bf3 (12. e5 Nd5 13. Nxd5 Bxd5 14. Qg3 O-O $5 15. f5 exf5
16. Bh6 g6 17. Bxf8 Bxf8 $44 {>< e5}) 12... O-O 13. e5 (13. Bd2 $5 {/\ Rae1})
13... Ne8 14. Bxb7 (14. a4 $5 b4 15. Ne4 Be7 16. Bd2 a5 17. c4 $5 $13) (14. Ne4
) 14... Qxb7 15. f5 $6 (15. Ne4 $142 Be7 16. Be3 (16. f5 $5)) 15... f6 $1 (
15... exf5 16. Rxf5 $40) 16. exf6 (16. Bf4 $5) 16... Nxf6 17. Bg5 (17. fxe6 $2
Ng4 $17) 17... Qc6 18. Bxf6 $1 (18. Rae1 Ng4 19. Ne4 exf5 $17) 18... Rxf6 19.
fxe6 Rxf1+ 20. Rxf1 dxe6 21. Qe4 (21. Ne4 Be7 22. c3 Rd8 23. Qe2 h6 $15) 21...
Rc8 22. Qxc6 Rxc6 23. Ne4 b4 (23... Be7 24. c3 b4 25. Rd1 bxc3 26. bxc3 Rc4 27.
Rd4 $10) 24. g3 Be7 25. Rf2 Rc4 26. Re2 Kf7 27. Kg2 Rd4 28. Kf2 Rd5 29. c4 bxc3
30. Nxc3 (30. bxc3 Ra5 31. Ke3 Ra4 32. Kd3 $10) 30... Ra5 31. b3 Rc5 32. Ne4
Rc1 33. Re1 (33. Ke3 h6 34. Kd2 Rc6 $10) 33... Rc2+ 34. Re2 Rc1 35. Re1 Rc2+
1/2-1/2

[Event "World Cup"]
[Site "Skelleftea"]
[Date "1989.08.??"]
[Round "3"]
[White "Ehlvest, Jaan"]
[Black "Ribli, Zoltan"]
[Result "1/2-1/2"]
[WhiteElo "2620"]
[BlackElo "2605"]
[Annotator "Bulletin"]
[PlyCount "31"]
[EventDate "1989.08.??"]
[EventType "tourn"]
[EventRounds "15"]
[EventCountry "SWE"]
[EventCategory "16"]
[SourceTitle "CBM 014"]
[Source "ChessBase"]
[SourceDate "1990.02.01"]
[SourceVersion "1"]
[SourceVersionDate "1990.02.01"]
[SourceQuality "1"]

1. e4 c5 2. Nf3 e6 3. d4 cxd4 4. Nxd4 Nc6 5. Nc3 Qc7 6. g3 a6 7. Bg2 Nf6 8. O-O
Be7 9. Re1 O-O 10. Nxc6 dxc6 11. e5 Rd8 12. Qe2 Nd5 13. Bd2 (13. Nd1 b5 $10 {
Hjartarson,J-Ribli,Z/EU-CupT Reykjavik-Bayern München/0-1/}) 13... b5 14. Rad1
Bb7 15. h4 c5 16. Nxd5 1/2-1/2